[Event "BRA-ch U26"]
[Site "Joinville"]
[Date "2023.10.10"]
[Round "3"]
[White "Da Silva, Lucas Pereira Mende"]
[Black "De Souza Sa, Apolo"]
[Result "1-0"]
[WhiteElo "1974"]
[BlackElo "1903"]
[PlyCount "23"]
[EventDate "2023.10.09"]
[EventType "swiss"]
[EventRounds "6"]
[EventCountry "BRA"]
[SourceTitle "Mega2024 Update 01"]
[Source "Chessbase"]
[SourceDate "2023.11.12"]
[SourceVersion "1"]
[SourceVersionDate "2023.11.12"]
[SourceQuality "1"]

1. e4 c6 2. d4 d5 3. f3 dxe4 4. fxe4 e5 5. Nf3 Bg4 6. Bc4 Nf6 7. Bxf7+ Kxf7 8. Nxe5+ Ke8 9. Nxg4 Nxg4 10. Qxg4 Qxd4 11. Nc3 Nd7 12. Bg5 1-0

[Event "Goiania Mega Modas Park op"]
[Site "Goiania"]
[Date "2023.04.08"]
[Round "2"]
[White "Batista Campos, Westerley"]
[Black "De Souza Sa, Apolo"]
[Result "0-1"]
[WhiteElo "1762"]
[BlackElo "1929"]
[PlyCount "112"]
[EventDate "2023.04.07"]
[EventType "swiss"]
[EventRounds "6"]
[EventCountry "BRA"]
[SourceTitle "EXT 2024"]
[Source "ChessBase"]
[SourceDate "2023.10.10"]
[SourceVersion "1"]
[SourceVersionDate "2023.10.10"]
[SourceQuality "1"]

1. d4 Nf6 2. Bf4 c5 3. e3 Nd5 4. Bg3 Qb6 5. dxc5 Qxb2 6. Nd2 Nc3 7. Qc1 Qxc1+ 8. Rxc1 Nxa2 9. Ra1 Nb4 10. Kd1 N8c6 11. Nc4 Na6 12. Nf3 g6 13. Bd3 Bg7 14. Ra3 0-0 15. Ke2 f6 16. Nd4 e5 17. Nb3 Nab4 18. Nd6 Nxd3 19. cxd3 Rb8 20. f4 b6 21. Rc1 bxc5 22. Nxc5 Rd8 23. f5 Bf8 24. Nxc8 Rbxc8 25. fxg6 hxg6 26. Rac3 Bxc5 27. Rxc5 Ne7 28. Rc7 Nc6 29. Rxc8 Rxc8 30. Be1 Nd4+ 31. Kd1 Rxc1+ 32. Kxc1 Nf5 33. Bf2 Kf7 34. Kc2 Ke6 35. Kc3 d5 36. Kb4 d4 37. exd4 Nxd4 38. Kc5 Ne2 39. g3 Nc1 40. Kc4 a6 41. d4 e4 42. d5+ Kd7 43. Bd4 f5 44. Be3 Nd3 45. Ba7 Ne5+ 46. Kd4 Nf3+ 47. Ke3 Kd6 48. h3 Kxd5 49. g4 fxg4 50. hxg4 a5 51. Bb6 a4 52. Ba5 a3 53. Bc3 a2 54. Ba1 Ne5 55. g5 Nf3 56. Kf4 Ne1 0-1

[Event "Goiania Mega Modas Park op"]
[Site "Goiania"]
[Date "2023.04.08"]
[Round "4"]
[White "De Souza Sa, Apolo"]
[Black "Colivet Gamboa, Julio Cesar"]
[Result "0-1"]
[WhiteElo "1929"]
[BlackElo "1844"]
[PlyCount "66"]
[EventDate "2023.04.07"]
[EventType "swiss"]
[EventRounds "6"]
[EventCountry "BRA"]
[SourceTitle "EXT 2024"]
[Source "ChessBase"]
[SourceDate "2023.10.10"]
[SourceVersion "1"]
[SourceVersionDate "2023.10.10"]
[SourceQuality "1"]

1. d4 Nf6 2. c4 g6 3. f3 Bg7 4. e4 d6 5. Nc3 0-0 6. Nge2 c5 7. d5 e6 8. Be3 Re8 9. Ng3 exd5 10. cxd5 Bd7 11. Be2 b5 12. a4 bxa4 13. Nxa4 Bxa4 14. Rxa4 Nbd7 15. Bd2 Nb6 16. Ra6 Nfd7 17. Bc3 Bxc3+ 18. bxc3 c4 19. 0-0 Nc5 20. Ra3 a5 21. Qc2 Nb3 22. f4 Qc8 23. Ra2 a4 24. f5 Qc5+ 25. Kh1 Qe3 26. Bf3 Nd7 27. Be2 Ne5 28. Bf3 a3 29. fxg6 hxg6 30. Ne2 Kg7 31. Nc1 Reb8 32. Ne2 Nc5 33. Nd4 Ned3 0-1

[Event "Goiania Mega Modas Park op"]
[Site "Goiania"]
[Date "2023.04.08"]
[Round "3"]
[White "De Souza Sa, Apolo"]
[Black "Gouveia Machado, Miguel Luis"]
[Result "1/2-1/2"]
[WhiteElo "1929"]
[BlackElo "1659"]
[PlyCount "116"]
[EventDate "2023.04.07"]
[EventType "swiss"]
[EventRounds "6"]
[EventCountry "BRA"]
[SourceTitle "EXT 2024"]
[Source "ChessBase"]
[SourceDate "2023.10.10"]
[SourceVersion "1"]
[SourceVersionDate "2023.10.10"]
[SourceQuality "1"]

1. d4 Nf6 2. c4 e6 3. Nc3 Bb4 4. f3 d5 5. a3 Bxc3+ 6. bxc3 b6 7. cxd5 exd5 8. e3 c5 9. Bb5+ Bd7 10. Bd3 Bc6 11. Ne2 Nbd7 12. 0-0 0-0 13. Ng3 Re8 14. Ra2 Qc7 15. Re2 Qb7 16. Qe1 Rac8 17. e4 dxe4 18. fxe4 cxd4 19. cxd4 Nf8 20. e5 Nd5 21. Nf5 Nc3 22. Rc2 Nb5 23. Qg3 Ng6 24. a4 Nxd4 25. Nxd4 Bxa4 26. Rxc8 Qxc8 27. e6 fxe6 28. Bxg6 hxg6 29. Qxg6 Qc5 30. Bb2 Re7 31. Kh1 Be8 32. Qg4 Qc4 33. Rc1 Qb4 34. Qe2 Bd7 35. Nf3 a5 36. Qe5 a4 37. h4 a3 38. Ba1 Rf7 39. h5 Qf8 40. Qg3 Rf5 41. Ng5 Qe7 42. Nh3 Rxh5 43. Qb8+ Kh7 44. Qxb6 e5 45. Qe3 a2 46. Re1 Qh4 47. Bxe5 Bxh3 48. gxh3 Qxh3+ 49. Qxh3 Rxh3+ 50. Kg2 Ra3 51. Rh1+ Kg6 52. Kf2 Kf7 53. Ke2 g6 54. Kd2 Ke6 55. Bb2 Ra8 56. Kc2 g5 57. Kb3 Kf5 58. Rf1+ Kg4 1/2-1/2

[Event "Goiania Mega Modas Park op"]
[Site "Goiania"]
[Date "2023.04.07"]
[Round "1"]
[White "De Souza Sa, Apolo"]
[Black "Barbosa Valcarcel, Marianne"]
[Result "1-0"]
[WhiteElo "1929"]
[BlackElo "1216"]
[PlyCount "79"]
[EventDate "2023.04.07"]
[EventType "swiss"]
[EventRounds "6"]
[EventCountry "BRA"]
[SourceTitle "EXT 2024"]
[Source "ChessBase"]
[SourceDate "2023.10.10"]
[SourceVersion "1"]
[SourceVersionDate "2023.10.10"]
[SourceQuality "1"]

1. d4 e6 2. c4 d5 3. Nc3 Nf6 4. cxd5 exd5 5. Bg5 Be7 6. Qc2 h6 7. Bh4 0-0 8. e3 Nc6 9. Nf3 Bg4 10. Be2 Re8 11. 0-0 Ne4 12. Bxe7 Rxe7 13. Qb3 Bxf3 14. Bxf3 Nd2 15. Qxb7 Nxf1 16. Qxc6 Nd2 17. Bxd5 Rb8 18. b3 Rb6 19. Qc5 c6 20. Bxc6 Rc7 21. d5 f5 22. Qd4 Ne4 23. Nxe4 fxe4 24. Qxe4 Qe7 25. Qxe7 Rxe7 26. Kf1 Kf7 27. Ke2 Re4 28. Kd3 Re5 29. f3 Rg5 30. g4 h5 31. h3 hxg4 32. hxg4 Rg6 33. Kc3 Rb8 34. Kd4 Rd8 35. Kc5 Rf6 36. f4 Rh6 37. Rc1 Rh3 38. Rc3 Kf6 39. g5+ Kf5 40. e4+ 1-0

[Event "Titled Tuesday intern op 03rd Jan Early"]
[Site "Chess.com INT"]
[Date "2023.01.03"]
[Round "4"]
[White "De Souza Sa, Apolo"]
[Black "Krstic, Milos M"]
[Result "0-1"]
[WhiteElo "1929"]
[BlackElo "2236"]
[PlyCount "124"]
[EventDate "2023.01.03"]
[EventType "swiss (blitz)"]
[EventRounds "11"]
[EventCountry "USA"]
[SourceTitle "EXT 2024"]
[Source "ChessBase"]
[SourceDate "2023.10.10"]
[SourceVersion "1"]
[SourceVersionDate "2023.10.10"]
[SourceQuality "1"]

1. d4 Nf6 2. c4 g6 3. f3 Bg7 4. e4 d6 5. Nc3 0-0 6. Nge2 Nc6 7. Be3 e5 8. d5 Ne7 9. Qd2 b6 10. g4 Ne8 11. Ng3 f5 12. exf5 gxf5 13. gxf5 Nxf5 14. Nxf5 Bxf5 15. 0-0-0 Kh8 16. Bh6 Qf6 17. Bxg7+ Nxg7 18. Be2 a6 19. Rdg1 Nh5 20. Rg5 Nf4 21. Rhg1 Rg8 22. Rxg8+ Rxg8 23. Rxg8+ Kxg8 24. Ne4 Bxe4 25. fxe4 Qg5 26. Bf3 Qg1+ 27. Kc2 Kf7 28. Kb3 Kf6 29. a3 Qd4 30. Qc3 Kg5 31. Kc2 Qxc3+ 32. Kxc3 Kh4 33. b4 Kh3 34. c5 Kxh2 35. Bg4 h5 36. Bc8 a5 37. bxa5 bxa5 38. cxd6 cxd6 39. Kc4 Ne2 40. Kb5 Nc3+ 41. Kxa5 Nxe4 42. Kb6 Nc5 43. Kc6 e4 44. Kxd6 e3 45. Kxc5 e2 46. d6 e1Q 47. d7 Qe7+ 48. Kc6 Qd8 49. a4 Kg3 50. Kd6 h4 51. Bb7 h3 52. Bc6 h2 53. a5 Qxa5 54. Ke7 Qc5+ 55. Kf7 Qxc6 56. d8Q h1Q 57. Qg5+ Kf2 58. Qd2+ Kf3 59. Qd3+ Kf4 60. Qd2+ Kf5 61. Qa5+ Qhd5+ 62. Qxd5+ Qxd5+ 0-1

[Event "Titled Tuesday intern op 06th Sep Early"]
[Site "Chess.com INT"]
[Date "2022.09.06"]
[Round "2"]
[White "De Souza Sa, Apolo"]
[Black "Tatarinov, Dmitry"]
[Result "0-1"]
[WhiteElo "1929"]
[BlackElo "2314"]
[PlyCount "46"]
[EventDate "2022.09.06"]
[EventType "swiss (blitz)"]
[EventRounds "11"]
[EventCountry "USA"]
[SourceTitle "EXT 2023"]
[Source "ChessBase"]
[SourceDate "2022.10.05"]
[SourceVersion "1"]
[SourceVersionDate "2022.10.05"]
[SourceQuality "1"]

1. d4 Nf6 2. c4 e6 3. Nc3 d6 4. e4 Nbd7 5. f3 c5 6. d5 exd5 7. cxd5 g6 8. Bd3 Bg7 9. Nge2 a6 10. a4 0-0 11. 0-0 Re8 12. Ng3 h5 13. Bg5 Ne5 14. Bc2 Qb6 15. b3 Nh7 16. Be3 h4 17. Nh1 h3 18. g3 Nf6 19. Nf2 Qb4 20. Bd2 Qd4 21. Qe2 Qxd2 22. Qxd2 Nxf3+ 23. Kh1 Nxd2 0-1

[Event "Titled Tuesday intern op 06th Sep Early"]
[Site "Chess.com INT"]
[Date "2022.09.06"]
[Round "8"]
[White "De Souza Sa, Apolo"]
[Black "Veiga, Jose Francisco RP"]
[Result "0-1"]
[WhiteElo "1929"]
[BlackElo "2389"]
[PlyCount "50"]
[EventDate "2022.09.06"]
[EventType "swiss (blitz)"]
[EventRounds "11"]
[EventCountry "USA"]
[SourceTitle "EXT 2023"]
[Source "ChessBase"]
[SourceDate "2022.10.05"]
[SourceVersion "1"]
[SourceVersionDate "2022.10.05"]
[SourceQuality "1"]

1. d4 Nf6 2. c4 g6 3. f3 Nc6 4. e4 e5 5. d5 Nd4 6. Ne2 c5 7. dxc6 dxc6 8. Nxd4 exd4 9. Bd3 Bg7 10. 0-0 0-0 11. Bg5 Be6 12. e5 Qa5 13. Bxf6 Bh6 14. Qe1 Be3+ 15. Kh1 Qb6 16. b3 a5 17. Nd2 a4 18. Bc2 axb3 19. axb3 Rxa1 20. Qh4 Rfa8 21. f4 Bxd2 22. Bd1 Qb4 23. Be7 Qxb3 24. Be2 Rxf1+ 25. Bxf1 Qd1 0-1

[Event "Titled Tuesday intern op 06th Sep Early"]
[Site "Chess.com INT"]
[Date "2022.09.06"]
[Round "1"]
[White "Javakhishvili, Lela"]
[Black "De Souza Sa, Apolo"]
[Result "0-1"]
[WhiteElo "2475"]
[BlackElo "1929"]
[PlyCount "136"]
[EventDate "2022.09.06"]
[EventType "swiss (blitz)"]
[EventRounds "11"]
[EventCountry "USA"]
[SourceTitle "EXT 2023"]
[Source "ChessBase"]
[SourceDate "2022.10.05"]
[SourceVersion "1"]
[SourceVersionDate "2022.10.05"]
[SourceQuality "1"]

1. d4 Nf6 2. Nf3 g6 3. g3 Bg7 4. Bg2 0-0 5. 0-0 d5 6. b3 c5 7. Bb2 Ne4 8. e3 Nc6 9. c4 cxd4 10. exd4 Bg4 11. cxd5 Qxd5 12. Nbd2 Nxd2 13. Nxd2 Qxg2+ 14. Kxg2 Bxd1 15. Rfxd1 Nxd4 16. Ne4 Rfd8 17. Rac1 Ne6 18. Bxg7 Kxg7 19. Nc5 Nxc5 20. Rxd8 Rxd8 21. Rxc5 Rd7 22. a4 f6 23. b4 Kf7 24. h4 a6 25. a5 Rd4 26. b5 Ra4 27. b6 Ke6 28. Rc7 Rxa5 29. Rxb7 Rb5 30. Rb8 Kd7 31. b7 Kc7 32. Rh8 Rxb7 33. Rxh7 Kb6 34. Rg7 a5 35. Rxg6 a4 36. h5 a3 37. h6 Rb8 38. h7 Rh8 39. Rh6 Kb5 40. f4 a2 41. Rh1 Kb4 42. Kf3 Kb3 43. Kg4 Kb2 44. Rh2+ Kc3 45. Rh1 Rxh7 46. Rxh7 a1Q 47. Rxe7 Qd1+ 48. Kf5 Qh5+ 49. Kxf6 Qh6+ 50. Ke5 Qh8+ 51. Ke6 Qg8+ 52. Rf7 Qg6+ 53. Ke7 Qxg3 54. f5 Kd4 55. f6 Qe5+ 56. Kf8 Kd5 57. Rd7+ Kc6 58. Rf7 Kd6 59. Kg7 Qg5+ 60. Kh7 Ke6 61. Rf8 Qh4+ 62. Kg7 Qg4+ 63. Kh7 Qh5+ 64. Kg7 Kf5 65. f7 Qg6+ 66. Kh8 Qh6+ 67. Kg8 Kf6 68. Ra8 Qg7# 0-1

[Event "Titled Tuesday intern op 06th Sep Early"]
[Site "Chess.com INT"]
[Date "2022.09.06"]
[Round "5"]
[White "Pajeken, Jakob Leon"]
[Black "De Souza Sa, Apolo"]
[Result "1-0"]
[WhiteElo "2461"]
[BlackElo "1929"]
[PlyCount "57"]
[EventDate "2022.09.06"]
[EventType "swiss (blitz)"]
[EventRounds "11"]
[EventCountry "USA"]
[SourceTitle "EXT 2023"]
[Source "ChessBase"]
[SourceDate "2022.10.05"]
[SourceVersion "1"]
[SourceVersionDate "2022.10.05"]
[SourceQuality "1"]

1. d4 Nf6 2. Nf3 g6 3. g3 Bg7 4. Bg2 0-0 5. 0-0 d5 6. c4 dxc4 7. Na3 c3 8. bxc3 c5 9. Bb2 Nc6 10. Re1 Ne4 11. Ne5 Nxe5 12. dxe5 Ng5 13. c4 Qxd1 14. Raxd1 Ne6 15. Rd5 Rb8 16. Nb5 a6 17. Na7 b5 18. cxb5 axb5 19. Nc6 Re8 20. Nxb8 Bb7 21. Nd7 Rd8 22. Rxc5 Bxg2 23. Kxg2 Nxc5 24. Nxc5 Rd2 25. Nd3 Kf8 26. Kf3 Ke8 27. Rc1 Kd7 28. Ke3 Bh6+ 29. f4 1-0

[Event "Jatai Goias Rio Claro op"]
[Site "Jatai Goias"]
[Date "2022.07.17"]
[Round "5"]
[White "De Souza Sa, Apolo"]
[Black "Colivet Gamboa, Julio Cesar"]
[Result "1/2-1/2"]
[WhiteElo "1920"]
[BlackElo "1780"]
[PlyCount "103"]
[EventDate "2022.07.15"]
[EventType "swiss"]
[EventRounds "6"]
[EventCountry "BRA"]
[SourceTitle "CBM 209 Extra"]
[Source "ChessBase"]
[SourceDate "2022.09.30"]
[SourceVersion "1"]
[SourceVersionDate "2022.09.30"]
[SourceQuality "1"]

1. d4 Nf6 2. c4 e6 3. Nc3 d5 4. cxd5 exd5 5. Bg5 Be7 6. e3 0-0 7. Bd3 h6 8. Bf4 a6 9. h3 c5 10. dxc5 Bxc5 11. Bxb8 Rxb8 12. Nf3 b5 13. 0-0 Bb7 14. Rc1 Qd6 15. Nd4 g6 16. Qf3 Rfe8 17. Nce2 Ne4 18. Rc2 Bb6 19. Rfc1 Nc5 20. Rd2 Rbc8 21. Bb1 Ne4 22. Rdd1 Bc7 23. Qf4 Qe7 24. Qxh6 Qf6 25. Bxe4 Rxe4 26. g3 Bd6 27. h4 Rxc1 28. Rxc1 Rg4 29. f3 Bf8 30. Qxf8+ Kxf8 31. fxg4 Qd8 32. b4 Qe7 33. Nc2 d4 34. Ncxd4 Qxe3+ 35. Kf1 Bf3 36. Rc3 Bxe2+ 37. Nxe2 Qe4 38. a3 Qxg4 39. Kf2 Kg7 40. Rf3 Qe4 41. Re3 Qd5 42. Rf3 Qa2 43. Kf1 Kh6 44. Kf2 Kh5 45. Kf1 f6 46. Kf2 Qb2 47. Kf1 g5 48. hxg5 fxg5 49. Ke1 Qc2 50. Kf1 Qd2 51. Rc3 Kg4 52. Rc5 1/2-1/2

[Event "Jatai Goias Rio Claro op"]
[Site "Jatai Goias"]
[Date "2022.07.16"]
[Round "3"]
[White "De Souza Sa, Apolo"]
[Black "Carneiro, Claudionor Chaves"]
[Result "1-0"]
[WhiteElo "1920"]
[BlackElo "1573"]
[PlyCount "87"]
[EventDate "2022.07.15"]
[EventType "swiss"]
[EventRounds "6"]
[EventCountry "BRA"]
[SourceTitle "CBM 209 Extra"]
[Source "ChessBase"]
[SourceDate "2022.09.30"]
[SourceVersion "1"]
[SourceVersionDate "2022.09.30"]
[SourceQuality "1"]

1. e4 c5 2. Nf3 Nc6 3. d4 cxd4 4. Nxd4 Nf6 5. Nc3 e5 6. Ndb5 d6 7. Bg5 a6 8. Na3 b5 9. Nd5 Be7 10. Bxf6 Bxf6 11. c3 Bg5 12. Nc2 0-0 13. h4 Bh6 14. g4 Bf4 15. Qf3 Be6 16. Nxf4 Qf6 17. g5 Qxf4 18. Qxf4 exf4 19. Nd4 Rac8 20. Nxe6 fxe6 21. 0-0-0 Rcd8 22. a4 bxa4 23. Bxa6 Na5 24. Bb5 Nb3+ 25. Kc2 Nc5 26. Rd4 Ra8 27. f3 Rfd8 28. Rhd1 a3 29. bxa3 Rxa3 30. Rxd6 Rxd6 31. Rxd6 Ra2+ 32. Kd1 Ra1+ 33. Ke2 Kf7 34. Rc6 Na4 35. Rc7+ Kf8 36. Kd2 Ra2+ 37. Kc1 Ra3 38. Kc2 e5 39. h5 h6 40. g6 Rxc3+ 41. Rxc3 Nxc3 42. Kxc3 Ke7 43. Kc4 Kf6 44. Bd7 1-0

[Event "Jatai Goias Rio Claro op"]
[Site "Jatai Goias"]
[Date "2022.07.16"]
[Round "2"]
[White "Teixeira, Fabiano Lima"]
[Black "De Souza Sa, Apolo"]
[Result "0-1"]
[WhiteElo "1652"]
[BlackElo "1920"]
[PlyCount "77"]
[EventDate "2022.07.15"]
[EventType "swiss"]
[EventRounds "6"]
[EventCountry "BRA"]
[SourceTitle "CBM 209 Extra"]
[Source "ChessBase"]
[SourceDate "2022.09.30"]
[SourceVersion "1"]
[SourceVersionDate "2022.09.30"]
[SourceQuality "1"]

1. d4 Nf6 2. Nf3 g6 3. Bg5 Bg7 4. c3 d5 5. Nbd2 0-0 6. e3 Bf5 7. h3 c5 8. g4 Be4 9. Bg2 Nbd7 10. Nxe4 Nxe4 11. Bf4 Re8 12. Qb3 Nb6 13. Rd1 f6 14. Bh2 Kh8 15. Nh4 cxd4 16. Bxe4 dxe4 17. Rxd4 Qc8 18. Rxe4 e5 19. Rb4 Qc6 20. 0-0 Bf8 21. Rb5 Bc5 22. a3 Rad8 23. Ra5 a6 24. Rd1 Rxd1+ 25. Qxd1 Nc4 26. Rxc5 Qxc5 27. Qd7 Qc6 28. Qf7 Rd8 29. f3 Nxe3 30. g5 Qd6 31. Qxf6+ Qxf6 32. gxf6 Rd1+ 33. Kf2 Rd2+ 34. Kg1 g5 35. Bxe5 Kg8 36. Bd4 Rxd4 37. cxd4 gxh4 38. Kf2 Nc4 39. d5 0-1

[Event "Titled Tuesday intern op 01st Mar Early"]
[Site "Chess.com INT"]
[Date "2022.03.01"]
[Round "4"]
[White "De Souza Sa, Apolo"]
[Black "Jaskolka, Tomasz"]
[Result "0-1"]
[WhiteElo "1920"]
[BlackElo "2213"]
[PlyCount "46"]
[EventDate "2022.03.01"]
[EventType "swiss (blitz)"]
[EventRounds "11"]
[EventCountry "USA"]
[SourceTitle "CBM 207 Extra"]
[Source "ChessBase"]
[SourceDate "2022.05.31"]
[SourceVersion "1"]
[SourceVersionDate "2022.05.31"]
[SourceQuality "1"]

1. d4 Nf6 2. c4 e6 3. g3 Bb4+ 4. Nd2 0-0 5. Bg2 c5 6. Ngf3 Nc6 7. dxc5 Bxc5 8. 0-0 b6 9. a3 a5 10. b3 Bb7 11. Bb2 h6 12. Qc2 Rc8 13. Rfd1 Qe7 14. Ne4 Nxe4 15. Qxe4 d6 16. Qh4 f5 17. Rd2 f4 18. Rad1 Qxh4 19. Nxh4 fxg3 20. hxg3 Rxf2 21. Kh1 Rcf8 22. Ng6 Rxg2 23. Kxg2 Ne5+ 0-1

[Event "Titled Tuesday intern op 22nd Feb Early"]
[Site "Chess.com INT"]
[Date "2022.02.22"]
[Round "3"]
[White "De Souza Sa, Apolo"]
[Black "Richter, Nils"]
[Result "1/2-1/2"]
[WhiteElo "1920"]
[BlackElo "2320"]
[PlyCount "90"]
[EventDate "2022.02.22"]
[EventType "swiss (blitz)"]
[EventRounds "11"]
[EventCountry "USA"]
[SourceTitle "CBM 207 Extra"]
[Source "ChessBase"]
[SourceDate "2022.05.31"]
[SourceVersion "1"]
[SourceVersionDate "2022.05.31"]
[SourceQuality "1"]

1. d4 Nf6 2. c4 g6 3. g3 c5 4. d5 b5 5. cxb5 a6 6. bxa6 d6 7. Bg2 Bg7 8. Nf3 0-0 9. 0-0 Nbd7 10. Re1 Nb6 11. e4 Bxa6 12. Qc2 Ng4 13. Nfd2 e6 14. Nc3 Nxf2 15. Kxf2 Bd4+ 16. Re3 f5 17. Nf3 fxe4 18. Qxe4 exd5 19. Nxd5 Nxd5 20. Qxd5+ Kg7 21. Ke1 Bxe3 22. Bxe3 Qe7 23. Kf2 Bb7 24. Qd3 Rxf3+ 25. Bxf3 Rf8 26. Bf4 g5 27. Re1 Qf7 28. Bxb7 Qxb7 29. Qxd6 Qxb2+ 30. Kg1 gxf4 31. Re7+ Kg8 32. Qe6+ Kh8 33. Qe5+ Qxe5 34. Rxe5 fxg3 35. Rxc5 gxh2+ 36. Kxh2 Rf2+ 37. Kh3 Rxa2 38. Rc7 Ra6 39. Kh4 Rh6+ 40. Kg5 Rg6+ 41. Kh5 Rg7 42. Rc8+ Rg8 43. Rc7 Rg7 44. Rc8+ Rg8 45. Rc7 Rg7 1/2-1/2

[Event "Titled Tuesday intern op 22nd Feb Early"]
[Site "Chess.com INT"]
[Date "2022.02.22"]
[Round "1"]
[White "Obolentseva, Alexandra"]
[Black "De Souza Sa, Apolo"]
[Result "1-0"]
[WhiteElo "2305"]
[BlackElo "1920"]
[PlyCount "81"]
[EventDate "2022.02.22"]
[EventType "swiss (blitz)"]
[EventRounds "11"]
[EventCountry "USA"]
[SourceTitle "CBM 207 Extra"]
[Source "ChessBase"]
[SourceDate "2022.05.31"]
[SourceVersion "1"]
[SourceVersionDate "2022.05.31"]
[SourceQuality "1"]

1. d4 Nf6 2. c4 g6 3. Nc3 d5 4. cxd5 Nxd5 5. Nf3 Bg7 6. e3 0-0 7. Bc4 Nxc3 8. bxc3 c5 9. 0-0 Nd7 10. h3 a6 11. e4 b5 12. Bd3 Qc7 13. Be3 Bb7 14. Rc1 e5 15. Bb1 Rad8 16. Qe2 f5 17. Ng5 Rde8 18. d5 f4 19. Bd2 c4 20. Ne6 Rxe6 21. dxe6 Nc5 22. f3 Qd6 23. Rfd1 Qxe6 24. Be1 Nd7 25. Bf2 Nf6 26. Rd2 g5 27. Rcd1 h5 28. a4 g4 29. hxg4 hxg4 30. Ba2 g3 31. Bc5 Nd7 32. Rxd7 Qh6 33. Kf1 Qh1+ 34. Bg1 Bc6 35. R7d6 Rc8 36. Rd8+ Rxd8 37. Rxd8+ Kf7 38. Rd6 Be8 39. axb5 Bf8 40. Qxc4+ Kg7 41. Qg8# 1-0

[Event "Titled Tuesday intern op 15th Feb Early"]
[Site "Chess.com INT"]
[Date "2022.02.15"]
[Round "7"]
[White "De Souza Sa, Apolo"]
[Black "Batsiashvili, Nino"]
[Result "1-0"]
[WhiteElo "1920"]
[BlackElo "2491"]
[PlyCount "217"]
[EventDate "2022.02.15"]
[EventType "swiss (blitz)"]
[EventRounds "11"]
[EventCountry "USA"]
[SourceTitle "CBM 206 Extra"]
[Source "ChessBase"]
[SourceDate "2022.03.31"]
[SourceVersion "1"]
[SourceVersionDate "2022.03.31"]
[SourceQuality "1"]

1. d4 d5 2. c4 e6 3. g3 dxc4 4. Bg2 Nc6 5. Nf3 Rb8 6. a4 Na5 7. Bd2 b6 8. 0-0 c5 9. Bxa5 bxa5 10. Ne5 Ne7 11. dxc5 Rxb2 12. Qxd8+ Kxd8 13. Nxf7+ Kc7 14. Nxh8 Nd5 15. Rc1 Ba6 16. Na3 Rb4 17. Nf7 Bxc5 18. Ne5 Bd4 19. Rab1 Bxe5 20. Rxb4 axb4 21. Nxc4 Bc3 22. Nd2 Kb6 23. Nb1 Bf6 24. e4 Nc3 25. Nxc3 Bxc3 26. e5 Bc4 27. f4 Bb3 28. Bf1 Bxa4 29. Kf2 Bc6 30. Ke3 a5 31. Bc4 Bd7 32. Bb3 a4 33. Bc2 Kc5 34. Bxh7 a3 35. Bb1 Bb5 36. h4 Bc4 37. g4 Bd4+ 38. Kd2 b3 39. g5 a2 40. Bxa2 bxa2 41. h5 a1Q 42. Rxa1 Bxa1 43. h6 gxh6 44. gxh6 Kd4 45. h7 Bc3+ 46. Kc1 Kd3 47. h8Q Bd2+ 48. Kb2 Bxf4 49. Qd8+ Ke4 50. Qa8+ Bd5 51. Qa4+ Kxe5 52. Qb4 Kf5 53. Kc3 Be5+ 54. Kd3 Bf4 55. Ke2 Ke5 56. Qc5 Kf5 57. Qe7 Ke5 58. Qg7+ Kf5 59. Qh7+ Ke5 60. Qh5+ Ke4 61. Qg6+ Ke5 62. Qg4 Ke4 63. Qf3+ Ke5 64. Qc3+ Kf5 65. Kf2 Be5 66. Qc2+ Be4 67. Qc8 Bf4 68. Qf8+ Ke5 69. Qg7+ Kf5 70. Qf7+ Ke5 71. Ke2 Bd5 72. Kd3 Be4+ 73. Kc4 Bd5+ 74. Kc5 Be3+ 75. Kb5 Bd4 76. Qg7+ Ke4 77. Qg4+ Kd3 78. Qg3+ Ke4 79. Qd6 e5 80. Kb4 Be3 81. Kc3 Bd4+ 82. Kd2 Be3+ 83. Ke2 Bc4+ 84. Ke1 Bd3 85. Qc6+ Kd4 86. Qb6+ Ke4 87. Qc6+ Kf4 88. Qd6 Ke4 89. Qg6+ Kd4 90. Qe8 Ke4 91. Qd7 Bc4 92. Qg4+ Kd3 93. Qe2+ Kd4 94. Qd1+ Bd3 95. Qa4+ Bc4 96. Qd7+ Ke4 97. Qg4+ Kd3 98. Qf5+ Kd4 99. Kd1 Bd3 100. Qd7+ Ke4 101. Qc6+ Kd4 102. Ke1 Bc4 103. Qb6+ Kd3 104. Qd6+ Bd4 105. Kd1 e4 106. Qg6 Bc3 107. Qg3+ Kd4 108. Qd6+ Ke3 109. Kc2 1-0

[Event "Titled Tuesday intern op 15th Feb Early"]
[Site "Chess.com INT"]
[Date "2022.02.15"]
[Round "9"]
[White "De Souza Sa, Apolo"]
[Black "Rodchenkov, Sergey D"]
[Result "0-1"]
[WhiteElo "1920"]
[BlackElo "2346"]
[PlyCount "56"]
[EventDate "2022.02.15"]
[EventType "swiss (blitz)"]
[EventRounds "11"]
[EventCountry "USA"]
[SourceTitle "CBM 206 Extra"]
[Source "ChessBase"]
[SourceDate "2022.03.31"]
[SourceVersion "1"]
[SourceVersionDate "2022.03.31"]
[SourceQuality "1"]

1. d4 d5 2. c4 dxc4 3. Nf3 Nf6 4. e3 e6 5. Bxc4 c5 6. Qe2 a6 7. dxc5 Bxc5 8. 0-0 0-0 9. Rd1 Qc7 10. a3 b5 11. Bd3 Bb7 12. b4 Bd6 13. Nbd2 Nbd7 14. Bb2 Rac8 15. Rac1 Qb8 16. e4 Nh5 17. g3 Ne5 18. Bb1 Nf6 19. Nb3 Nxf3+ 20. Qxf3 Be5 21. Bxe5 Qxe5 22. Nc5 Ba8 23. Qe3 Qh5 24. Kg2 Ng4 25. Qf4 Qxh2+ 26. Kf1 Qh5 27. Kg2 e5 28. Qf5 Qxf5 0-1

[Event "Titled Tuesday intern op 15th Feb Early"]
[Site "Chess.com INT"]
[Date "2022.02.15"]
[Round "1"]
[White "Janaszak, Dawid"]
[Black "De Souza Sa, Apolo"]
[Result "1-0"]
[WhiteElo "2333"]
[BlackElo "1920"]
[PlyCount "43"]
[EventDate "2022.02.15"]
[EventType "swiss (blitz)"]
[EventRounds "11"]
[EventCountry "USA"]
[SourceTitle "CBM 206 Extra"]
[Source "ChessBase"]
[SourceDate "2022.03.31"]
[SourceVersion "1"]
[SourceVersionDate "2022.03.31"]
[SourceQuality "1"]

1. e4 c5 2. Nc3 Nc6 3. Bb5 Nd4 4. Nf3 Nxb5 5. Nxb5 d5 6. exd5 a6 7. Nc3 Nf6 8. d4 Nxd5 9. dxc5 Nxc3 10. Qxd8+ Kxd8 11. bxc3 f6 12. Be3 e5 13. Nd2 Be6 14. a4 Rc8 15. Ne4 Bf5 16. 0-0-0+ Ke8 17. Nd6+ Bxd6 18. Rxd6 Ke7 19. Rhd1 Rhd8 20. f4 Be4 21. fxe5 fxe5 22. Bg5+ 1-0

[Event "Titled Tuesday intern op 15th Feb Early"]
[Site "Chess.com INT"]
[Date "2022.02.15"]
[Round "8"]
[White "Osmak, Iulija"]
[Black "De Souza Sa, Apolo"]
[Result "1-0"]
[WhiteElo "2432"]
[BlackElo "1920"]
[PlyCount "65"]
[EventDate "2022.02.15"]
[EventType "swiss (blitz)"]
[EventRounds "11"]
[EventCountry "USA"]
[SourceTitle "CBM 206 Extra"]
[Source "ChessBase"]
[SourceDate "2022.03.31"]
[SourceVersion "1"]
[SourceVersionDate "2022.03.31"]
[SourceQuality "1"]

1. e4 c5 2. b3 Nf6 3. e5 Nd5 4. Bb2 e6 5. Bc4 Nb6 6. Be2 Nc6 7. f4 d6 8. Nf3 Bd7 9. 0-0 Be7 10. exd6 Bxd6 11. Bxg7 Rg8 12. Be5 Nxe5 13. fxe5 Be7 14. Nc3 Bc6 15. Bb5 Qd7 16. Bxc6 Qxc6 17. Qe2 0-0-0 18. d3 Rg4 19. Rf2 Rdg8 20. Raf1 Nd5 21. Nxd5 Qxd5 22. Nd2 Bh4 23. g3 Bxg3 24. hxg3 Rxg3+ 25. Kh2 R3g4 26. Nf3 Qd8 27. Qe3 R8g6 28. Rg1 Rxg1 29. Nxg1 Qf8 30. Nh3 b6 31. Rg2 Qg7 32. Rxg6 Qxg6 33. Qg5 1-0